[Event "National Open"]
[Site "Las Vegas USA"]
[Date "2004.06.19"]
[Round "3"]
[White "West,V"]
[Black "Jungman,G"]
[Result "1/2-1/2"]
[WhiteElo "2098"]
[BlackElo "2010"]

1.e4 e6 2.d4 d5 3.Nc3 Nf6 4.e5 Nfd7 5.f4 c5 6.Nf3 Nc6 7.Be3 a6 8.Qd2 b5 9.Be2 Qb6
10.O-O cxd4 11.Nxd4 Bc5 12.Rad1 Nxd4 13.Bxd4 Bxd4+ 14.Qxd4 Ke7 15.Bf3 Qxd4+
16.Rxd4 Bb7 17.Ne2 Rac8 18.Rd2 a5 19.Nd4 b4 20.Bg4 Ba6 21.Rf3 g6 22.Rd1 Nb8
23.Rf2 Nc6 24.Nf3 a4 25.Bh3 h5 26.g3 Na5 27.b3 a3 28.Bf1 Bxf1 29.Kxf1 Rc3
30.Nd4 Rhc8 31.Rdd2 R8c5 32.Ke1 Nc6 33.Kd1 Kd7 34.Rf3 Rxf3 35.Nxf3 Kc7 36.Nd4 Kb6
37.Nxc6 Kxc6 38.Rd3 Kb5 39.Kd2 Rc8 40.c3 h4 41.g4 g5 42.cxb4 Kxb4 43.Rd4+ Kc5
44.Ra4 gxf4 45.Rxf4 h3 46.Ke3 Kb5 47.Rf2 Rc1 48.Rxf7 Rg1 49.Ra7 Rxg4 50.Rxa3 Rg2
51.Kf3 Rxh2 52.Kg3 Rh1 53.Ra8 Re1 54.Kxh3 Rxe5 55.Kg3 Kb4 56.Kf4 Re1 57.Ra4+ Kc3
58.Kf3 Kd3 59.Ra6 d4 60.b4 e5 61.Re6 e4+ 62.Kf4 e3 63.b5 Ra1 64.b6 Rxa2 65.b7 Rb2
66.Re7 Kd2 67.Kf3 Rb6 68.Rd7 d3 69.Ke4 Rb4+ 70.Rd4 e2 71.Rxb4 e1=Q+ 72.Kd5 Qh1+
73.Kc5 Qh5+  1/2-1/2

[Event "8th Open"]
[Site "Voronezh RUS"]
[Date "2004.06.20"]
[Round "9"]
[White "Semenova,Ir"]
[Black "Baranov,G"]
[Result "1-0"]
[WhiteElo "2279"]
[BlackElo "2340"]

1.e4 e6 2.d4 d5 3.Nc3 Nf6 4.e5 Nfd7 5.f4 c5 6.Nf3 Nc6 7.Be3 a6 8.Qd2 b5 9.h4 Qb6
10.Rh3 cxd4 11.Nxd4 Bc5 12.Nxc6 Qxc6 13.h5 b4 14.Ne2 f6 15.exf6 Nxf6 16.Bxc5 Qxc5
17.Qd4 Qe7 18.O-O-O O-O 19.h6 g6 20.Rh4 a5 21.g4 Ne4 22.g5 Ba6 23.Rh2 a4
24.Bh3 Rf7 25.Kb1 Bxe2 26.Rxe2 a3 27.Qe5 Ra6 28.Rde1 axb2 29.Rxe4 dxe4 30.Rxe4 b3
31.axb3 Qa7 32.Kxb2 Re7 33.Rc4 Re8 34.Ra4 Rxa4 35.Bxe6+ Rxe6 36.Qxe6+ Kf8
37.Qf6+ Ke8 38.Qc6+  1-0

[Event "TCh-CRO w"]
[Site "Rabac CRO"]
[Date "2004.06.22"]
[Round "1"]
[White "Kaps,D"]
[Black "Medic,Mir"]
[Result "1/2-1/2"]
[WhiteElo "2185"]
[BlackElo "2244"]

1.e4 e6 2.d4 d5 3.Nc3 Nf6 4.e5 Nfd7 5.f4 c5 6.Nf3 Nc6 7.Be3 a6 8.Qd2 b5 9.dxc5 Bxc5
10.Bxc5 Nxc5 11.Qf2 Qb6 12.Bd3 b4 13.Ne2 a5 14.O-O Ne7 15.Kh1 Ba6 16.Rfd1 Na4
17.Qxb6 Nxb6 18.Bxa6 Rxa6 19.a3 bxa3 20.Rxa3 O-O 21.b3 Nf5 22.Ned4 Nxd4 23.Nxd4 Rc8
24.g4 Kf8 25.Kg2 h6 26.h4 g6 27.h5 gxh5 28.gxh5 a4 29.Kf3 Raa8 30.f5 exf5
31.Kf4 Rc3 32.Rd3 Rac8 33.bxa4 Rxa3 34.Rxa3 Rc4 35.Rd3 Nxa4 36.Kxf5 Nc5 37.Rd1 Ne4
38.e6 Ng3+ 39.Ke5 fxe6 40.Kxe6 Nxh5  1/2-1/2

[Event "3rd Asean IM"]
[Site "Bangkok THA"]
[Date "2004.06.24"]
[Round "6"]
[White "Cain,C"]
[Black "Aung Aung"]
[Result "1/2-1/2"]
[WhiteElo "2310"]
[BlackElo "2524"]

1.e4 e6 2.d4 d5 3.Nc3 Nf6 4.e5 Nfd7 5.Nce2 c5 6.c3 cxd4 7.cxd4 f6 8.exf6 Nxf6
9.Nf3 Nc6 10.Nc3 Bd6 11.Bd3 O-O 12.Bg5 Qe8 13.Qd2 Nh5 14.Ne2 e5 15.Nxe5 Nxd4
16.Nxd4 Qxe5+ 17.Be3 Nf4 18.Bf1 Bg4 19.h3 Bh5  1/2-1/2

[Event "7th Medoc Wines Open"]
[Site "Naujac sur Mer FRA"]
[Date "2004.06.30"]
[Round "5"]
[White "Seret,JL"]
[Black "Kosten,A"]
[Result "0-1"]
[WhiteElo "2351"]
[BlackElo "2516"]

1.e4 e6 2.d4 d5 3.Nc3 Nf6 4.e5 Nfd7 5.f4 c5 6.Nf3 a6 7.Bd3 Nc6 8.O-O Nxd4
9.Nxd4 cxd4 10.Ne2 Bc5 11.a3 Ba7 12.b3 Nb8 13.Ng3 g6 14.f5 exf5 15.Bh6 Be6
16.Qd2 Nd7 17.Rae1 Qc7 18.Qg5 Nc5 19.Bg7 Rg8 20.Qh6 Ne4 21.Ne2 O-O-O 22.Kh1 Kb8
23.Rf3 Qe7 24.Nf4 Qxa3 25.Rff1 Qb4 26.Qxh7 Nf2+ 27.Kg1 Nxd3 28.cxd3 Qb6 29.Bf6 Rc8
30.Be7 Ka8 31.b4 Qc6 32.Bd6 Qd7 33.Rc1 Bb6 34.Bc5 Rh8 35.Qxh8 Rxh8 36.Bxb6 g5
37.Ne2 Qb5 38.Bc5 Qxd3 39.Nxd4 Qe3+ 40.Kh1 Qxe5 41.Nf3 Qf4 42.Bd4 Rxh2+ 43.Nxh2 Qxd4
44.b5 axb5 45.Rfd1 Qh8 46.Rb1 g4 47.Kg1 Qc3 48.Rxb5 f4 49.Rdb1 Bf5  0-1

[Event "2nd Infineon IM"]
[Site "Budapest HUN"]
[Date "2004.07.03"]
[Round "9"]
[White "Brustkern,J"]
[Black "Werner,Di"]
[Result "1/2-1/2"]
[WhiteElo "2266"]
[BlackElo "2362"]

1.e4 e6 2.d4 d5 3.Nc3 Nf6 4.e5 Nfd7 5.Nce2 c5 6.c3 Nc6 7.f4 b5 8.Nf3 Qb6
9.Be3 b4 10.g3 Ba6 11.Bg2 bxc3 12.bxc3 Bxe2 13.Qxe2 Be7 14.O-O O-O 15.Rab1  1/2-1/2

[Event "FSGM July"]
[Site "Budapest HUN"]
[Date "2004.07.06"]
[Round "4"]
[White "Fogarasi,T"]
[Black "Jakab,A"]
[Result "0-1"]
[WhiteElo "2465"]
[BlackElo "2390"]

1.e4 e6 2.d4 d5 3.Nc3 Nf6 4.e5 Nfd7 5.f4 c5 6.Nf3 a6 7.Ne2 Nc6 8.c3 f6 9.a3 Be7
10.g3 cxd4 11.cxd4 fxe5 12.fxe5 O-O 13.Nf4 Qa5+ 14.Bd2 Qb6 15.Nxe6 Ndxe5
16.Nxf8 Bg4 17.dxe5 Bc5 18.Nd7 Bf2+ 19.Ke2 Bxd7 20.h3 Rf8 21.Bg2 Nd4+ 22.Nxd4 Qb5+  0-1

[Event "32nd World Open"]
[Site "Philadelphia USA"]
[Date "2004.07.06"]
[Round "9"]
[White "Kraai,J"]
[Black "Smith,BG"]
[Result "1-0"]
[WhiteElo "2439"]
[BlackElo "2340"]

1.e4 e6 2.d4 d5 3.Nc3 Nf6 4.e5 Nfd7 5.f4 c5 6.Nf3 Nc6 7.Be3 Qb6 8.Na4 Qa5+
9.c3 b6 10.a3 c4 11.b4 cxb3 12.Qxb3 Ba6 13.f5 Be7 14.Nb2 Rc8 15.Bd2 Bxf1
16.Rxf1 Qa6 17.a4 Na5 18.Qc2 Nc4 19.Nxc4 Qxc4 20.Kf2 g6 21.f6 Bb4 22.Qb1 Ba5
23.Qa2 h6 24.Rfc1 a6 25.Qxc4 Rxc4 26.Ke2 Nb8 27.Kd3 Kd7 28.Ng1 Rhc8 29.Ne2 h5
30.h3 Nc6 31.g4 Rh8 32.Rh1 hxg4 33.hxg4 Rxa4 34.Raf1 Rc8 35.Rh7 Nd8 36.Nf4 Ra3
37.Nxg6 Bxc3 38.Nf8+ Ke8 39.Rh8 Bb4+ 40.Ke2 Bxf8 41.Rfh1 Rg3 42.Rxf8+ Kd7
43.g5 Rg2+ 44.Kd3 a5 45.Rh6 a4 46.Rg8 Rg3+ 47.Be3 Kc6 48.g6 Rxg6 49.Rhxg6 fxg6
50.Rxg6 Kb5 51.Rg1 Rc4 52.Bd2 a3 53.Rb1+ Kc6 54.Rb3 Ra4 55.Bc3 a2 56.Ba1 b5
57.Kc2 Rc4+ 58.Kb2 Rxd4 59.Kxa2 Rd2+ 60.Ka3  1-0

[Event "TCh-GRE"]
[Site "Aghia Pelagia GRE"]
[Date "2004.07.10"]
[Round "8"]
[White "Sandalakis,A"]
[Black "Papathanasiou,A"]
[Result "1-0"]
[WhiteElo "2120"]
[BlackElo "2081"]

1.e4 e6 2.d4 d5 3.Nc3 Nf6 4.e5 Nfd7 5.f4 c5 6.Nf3 Nc6 7.Be3 Qb6 8.Qd2 cxd4
9.Nxd4 Nxd4 10.Bxd4 Bc5 11.Na4 Qc6 12.Nxc5 Nxc5 13.Qa5 Nd7 14.O-O-O b6 15.Qa3 Nc5
16.h4 Bd7 17.Rh3 Qa4 18.Qxa4 Bxa4 19.Ra3 Bc6 20.Rc3 Rc8 21.Bxc5 bxc5 22.Rxc5 Bd7
23.Rxc8+ Bxc8 24.Rd4 O-O 25.Ra4 f6 26.exf6 Rxf6 27.Be2 Rf7 28.Kd2 Rc7 29.c3 Kf7
30.Ke3 Kf6 31.Ra5 h6 32.Kd4 Kf5 33.g3 Kf6 34.Rc5 Rxc5 35.Kxc5 e5 36.fxe5+ Kxe5
37.Bf3 Be6 38.h5 Bf7 39.b4 Kf5 40.a4 Kf6 41.b5 Ke7 42.a5 Kd7 43.b6 axb6+
44.Kxb6 d4 45.cxd4  1-0

[Event "TCh-GRE"]
[Site "Aghia Pelagia GRE"]
[Date "2004.07.10"]
[Round "8"]
[White "Papadopoulos,I"]
[Black "Stavrianakis,I"]
[Result "1-0"]
[WhiteElo "2236"]
[BlackElo "2058"]

1.e4 e6 2.d4 d5 3.Nc3 Nf6 4.e5 Nfd7 5.f4 c5 6.Nf3 Nc6 7.Be3 cxd4 8.Nxd4 Bc5
9.Qd2 Nxd4 10.Bxd4 Bxd4 11.Qxd4 Qb6 12.Qxb6 Nxb6 13.Nb5 Ke7 14.O-O-O h5 15.Bd3 Bd7
16.Nd4 f5 17.exf6+ gxf6 18.Rhe1 Kd6 19.Rd2 Rhg8 20.Rde2 Rae8 21.Bb5 e5 22.Bxd7 Nxd7
23.c3 Ref8 24.Nf5+ Ke6 25.Ne3 e4 26.Rd1 Nb6 27.Rf2 f5 28.Rfd2 Rd8 29.c4 Rc8
30.Kb1 Nxc4 31.Nxc4 Rxc4 32.Rxd5 Rc6 33.g3 Rgc8 34.Re5+ Kf6 35.a3 Rc5 36.Rd6+ Kf7
37.Rd7+ Kf6 38.Ree7 Rb5 39.Rh7 Kg6 40.a4 Rb6 41.Rdg7+ Kf6 42.Rg5 Re6 43.Rhg7  1-0

[Event "Open"]
[Site "Condom FRA"]
[Date "2004.07.12"]
[Round "4"]
[White "Bouthier,J"]
[Black "Brethes,F"]
[Result "0-1"]
[WhiteElo "2016"]
[BlackElo "2114"]

1.e4 e6 2.d4 d5 3.Nc3 Nf6 4.e5 Nfd7 5.f4 c5 6.Nf3 Nc6 7.Be3 a6 8.Qd2 b5 9.a4 b4
10.Ne2 c4 11.g4 Nb6 12.c3 bxc3 13.bxc3 Na5 14.Nc1 Nb3 15.Nxb3 cxb3 16.Rb1 Nc4
17.Qf2 Rb8 18.Bd3 Qa5 19.Bd2 Qxa4 20.O-O Qc6 21.f5 a5 22.fxe6 Bxe6 23.Ng5 Be7
24.Nxh7 Nxd2 25.Qxd2 Bxg4 26.Rxf7 Kxf7 27.Qf4+ Ke8 28.Qxg4 Qh6 29.Bb5+ Rxb5
30.Qc8+ Bd8 31.e6 Qg6+ 32.Kf2 Rxh7 33.Qd7+ Kf8 34.Qxd8+ Qe8 35.e7+ Kf7 36.Kg3 Rh6
37.Re1 Rbb6 38.Qxd5+ Rhe6 39.Qxb3 Qxe7 40.Re4 Qg5+  0-1

[Event "15th Open"]
[Site "Ljubjana SLO"]
[Date "2004.07.12"]
[Round "4"]
[White "Nikolov,Sas"]
[Black "Janovsky,S"]
[Result "0-1"]
[WhiteElo "2419"]
[BlackElo "2492"]

1.e4 e6 2.d4 d5 3.Nc3 Nf6 4.e5 Nfd7 5.f4 c5 6.Nf3 Nc6 7.Be3 cxd4 8.Nxd4 Bc5
9.Qd2 O-O 10.O-O-O a6 11.h4 Nxd4 12.Bxd4 b5 13.Rh3 b4 14.Na4 Bxd4 15.Qxd4 a5
16.f5 Qc7 17.Re3 Ba6 18.f6 Rfc8 19.Rd2 Bxf1 20.Qg4 g6 21.Qf4 Kh8 22.Qxf1 Nxe5
23.b3 Ng4 24.Ree2 h5 25.Kb1 Ra6 26.Rd3 Rc6 27.Qc1 Kh7 28.Rf3 e5  0-1

[Event "ch-Montenegro"]
[Site "Bijelo Polje SCG"]
[Date "2004.07.17"]
[Round "2"]
[White "Rabrenovic,M"]
[Black "Kosic,D"]
[Result "0-1"]
[WhiteElo "2300"]
[BlackElo "2519"]

1.e4 e6 2.d4 d5 3.Nc3 Nf6 4.e5 Nfd7 5.f4 c5 6.Nf3 a6 7.Be3 Nc6 8.Qd2 b5 9.dxc5 Bxc5
10.Bxc5 Nxc5 11.Nd4 Bd7 12.Nxc6 Bxc6 13.Qd4 Qe7 14.Bd3 b4 15.Ne2 a5 16.O-O O-O
17.Qe3 a4 18.Nd4 Bd7 19.Qh3 Nxd3 20.cxd3 a3 21.b3 Rac8 22.Rac1 Rc5 23.Qe3 Rfc8
24.Rxc5 Qxc5 25.Rd1 h6 26.Kf2 Qc3 27.Rd2 Qb2 28.Nf3 Bb5 29.f5 Rc2 30.fxe6 fxe6
31.Qe2 Rxd2 32.Qxd2 Bxd3 33.Ke3 Bb1  0-1

[Event "ACT Open"]
[Site "Amsterdam NED"]
[Date "2004.07.19"]
[Round "3"]
[White "Van den Berg,Ad"]
[Black "Bensdorp,M"]
[Result "0-1"]
[WhiteElo "2286"]
[BlackElo "2238"]

1.e4 e6 2.d4 d5 3.Nc3 Nf6 4.e5 Nfd7 5.Nf3 c5 6.Bg5 Qb6 7.dxc5 Nxc5 8.Bb5+ Bd7
9.Bxd7+ Nbxd7 10.O-O h6 11.Be3 Be7 12.Bd4 O-O 13.Qd2 Qc6 14.Rfe1 a6 15.Qf4 b5
16.b4 Nb7 17.Rab1 Nd8 18.Qd2 Rc8 19.Rb3 Qc7 20.Be3 Re8 21.Bf4 Bxb4 22.Bxh6 gxh6
23.Qxh6 Bf8 24.Qh5 Bg7 25.Ng5 Nxe5 26.h4 Ndc6 27.Ne2 f6 28.Qh7+ Kf8 29.Nh3 Qf7
30.Rg3 Qg8 31.Qh5 Qh8 32.Nef4 Qxh5 33.Nxh5 Bh8 34.N3f4 Kf7 35.Rge3 Nd4  0-1

[Event "ACT Open"]
[Site "Amsterdam NED"]
[Date "2004.07.20"]
[Round "4"]
[White "Al Tamimi,H"]
[Black "Bertholee,R"]
[Result "0-1"]
[WhiteElo "2169"]
[BlackElo "2398"]

1.e4 e6 2.d4 d5 3.Nc3 Nf6 4.e5 Nfd7 5.f4 c5 6.Nf3 a6 7.Be3 Qb6 8.a3 Nc6 9.Be2 Be7
10.O-O cxd4 11.Nxd4 Bc5 12.Na4 Bxd4 13.Nxb6 Bxe3+ 14.Kh1 Nxb6 15.Bd3 g6 16.Qe2 d4
17.Be4 Bd7 18.a4 Nd5 19.Bxd5 exd5 20.b4 O-O 21.c3 h5 22.Rad1 Bg4 23.Qd3 Bf5
24.Qe2 Bg4 25.Qd3 Bxd1 26.Rxd1 Bxf4 27.cxd4 Nxb4 28.Qf3 Bh6 29.g4 hxg4 30.Qxg4 Nc2
31.Qd7 Ne3 32.Rg1 Rae8 33.Qxb7 Re6 34.h4 Bf4 35.Qb2 Kh7 36.Qf2 g5 37.hxg5 Rh8
38.Rg4 Kg6+ 39.Rh4 Bg3  0-1

[Event "ACT Open"]
[Site "Amsterdam NED"]
[Date "2004.07.20"]
[Round "4"]
[White "Pavlovic,Mi"]
[Black "Vonthron,H"]
[Result "1/2-1/2"]
[WhiteElo "2545"]
[BlackElo "2313"]

1.e4 e6 2.d4 d5 3.Nc3 Nf6 4.e5 Nfd7 5.f4 c5 6.Nf3 Nc6 7.Be3 cxd4 8.Nxd4 Bc5
9.Qd2 Nxd4 10.Bxd4 Bxd4 11.Qxd4 Qb6 12.Qd2 Nc5 13.O-O-O Bd7 14.h4 O-O-O 15.Qd4 Bc6
16.b4 Ne4 17.Qxb6 axb6 18.Nxe4 dxe4 19.Rxd8+ Rxd8 20.b5 Be8 21.Be2 Rd5 22.c4 Rc5
23.Kd2 f6 24.exf6 gxf6 25.g4 Kd7 26.Ke3 f5 27.Rg1 Kd6 28.g5 e5 29.Rd1+ Ke7
30.fxe5 Rxe5 31.Kf4 Rc5 32.h5 Bf7 33.Rd4 Be6 34.g6 hxg6 35.hxg6 Rc8 36.Ke5 Rc5+
37.Kf4 Rc8 38.Ke5 Rc5+ 39.Kf4  1/2-1/2

[Event "Open"]
[Site "Balatonlelle HUN"]
[Date "2004.07.20"]
[Round "2"]
[White "Meszaros,T"]
[Black "Farago,I"]
[Result "0-1"]
[WhiteElo "2346"]
[BlackElo "2472"]

1.e4 e6 2.d4 d5 3.Nc3 Nf6 4.e5 Nfd7 5.f4 c5 6.Nf3 Nc6 7.Be3 a6 8.Qd2 b5 9.dxc5 Bxc5
10.Bxc5 Nxc5 11.Qf2 Qb6 12.Bd3 b4 13.Ne2 a5 14.O-O Ba6 15.Rad1 Na4 16.Qxb6 Nxb6
17.b3 Ke7 18.Ned4 Nxd4 19.Nxd4 Rhc8 20.Bxa6 Rxa6 21.a3 bxa3 22.Ra1 Nd7 23.Rxa3 Nb8
24.Rfa1 Nc6 25.c3 Rb6 26.g3 f6 27.Nxc6+ Rbxc6 28.exf6+ gxf6 29.c4 dxc4 30.bxc4 Rxc4
31.Rxa5 Kf7 32.Re1 Rc2 33.Rea1 Kg6 34.R5a2 Kf5 35.Rxc2 Rxc2 36.Rf1 Kg4 37.Re1 Kf3
38.Rf1+ Ke3 39.Re1+ Re2 40.Ra1 Kf3 41.Ra3+ Kg4 42.Ra5 h5 43.Ra6 f5 44.Ra8 Kh3
45.Rh8 Rg2+ 46.Kf1 Rxh2 47.Rh6 Kxg3 48.Rxe6 h4 49.Rg6+ Kxf4 50.Kg1 Ra2 51.Rh6 Kf3
52.Rxh4 Kg3  0-1

[Event "ACT Open"]
[Site "Amsterdam NED"]
[Date "2004.07.22"]
[Round "6"]
[White "Doggers,P"]
[Black "Bertholee,R"]
[Result "1-0"]
[WhiteElo "2246"]
[BlackElo "2398"]

1.e4 e6 2.d4 d5 3.Nc3 Nf6 4.e5 Nfd7 5.f4 c5 6.Nf3 a6 7.Be3 Qb6 8.a3 Nc6 9.dxc5 Bxc5
10.Na4 Qa5+ 11.b4 Qxa4 12.bxc5 f6 13.exf6 Nxf6 14.Bd3 Ng4 15.Bd2 e5 16.fxe5 O-O
17.O-O Ncxe5 18.Bc3 Nxf3+ 19.Rxf3 Bd7 20.Qf1 Nf6 21.Re1 Ne4 22.Rxe4 Rxf3
23.Qxf3 dxe4 24.Qg3 g6 25.Qe5 Kf8 26.Qg7+ Ke8 27.Bf6 exd3 28.Qe7+  1-0

[Event "MTO"]
[Site "Biel SUI"]
[Date "2004.07.22"]
[Round "4"]
[White "Kosintseva,N"]
[Black "Kolly,J"]
[Result "1-0"]
[WhiteElo "2415"]
[BlackElo "2265"]

1.e4 e6 2.d4 d5 3.Nc3 Nf6 4.e5 Nfd7 5.f4 c5 6.Nf3 Nc6 7.Ne2 b6 8.c3 Ba6 9.g4 Be7
10.Ng3 Bxf1 11.Kxf1 Qc7 12.Kg2 O-O-O 13.a3 f6 14.b4 g5 15.exf6 Bxf6 16.fxg5 Bg7
17.Nh5 Rhg8 18.Bf4 Qb7 19.Re1 e5 20.Nxg7 Rxg7 21.Nxe5 Ndxe5 22.Bxe5 Nxe5
23.Rxe5 cxd4 24.cxd4 Qd7 25.Qf3 Rf7 26.Rf5 Re7 27.Re1 Rxe1 28.Qc3+ Kb7 29.Qxe1 Re8
30.Qf2 Qb5 31.Rf7+ Ka8 32.Rf8 Rxf8 33.Qxf8+ Kb7 34.Qf7+ Ka6 35.Qf1  1-0

[Event "Mark Pinto IM"]
[Site "San Francisco USA"]
[Date "2004.07.22"]
[Round "2"]
[White "Sevillano,E"]
[Black "Evans,Be"]
[Result "1-0"]
[WhiteElo "2464"]
[BlackElo "2262"]

1.e4 e6 2.d4 d5 3.Nc3 Nf6 4.e5 Nfd7 5.Nce2 b6 6.Nf3 Ba6 7.c3 Bxe2 8.Bxe2 Be7
9.O-O c5 10.c4 cxd4 11.cxd5 exd5 12.Qxd4 Nc5 13.Bb5+ Kf8 14.Rd1 a6 15.Be2 Ra7
16.Be3 Rd7 17.Rac1 Nc6 18.Qc3 d4 19.Bxd4 Nxd4 20.Rxd4 a5 21.Rcd1 Rxd4 22.Rxd4 Qb8
23.Bc4 g5 24.Rd1 Rg8 25.Nd4 Qb7 26.Qh3 Qe4 27.Qh6+ Rg7 28.Nc6 Qg6 29.Qxg6 Rxg6
30.Bd5 g4 31.g3 f5 32.Nd4 Rg5 33.Be6 Na4 34.Bd7 Nc5 35.Bxf5 h5 36.Kg2 Kf7
37.h4 gxh3+ 38.Kxh3 Rg8 39.Nc6 Rg5 40.Bc2 h4 41.gxh4 Rh5 42.Nxe7 Kxe7 43.f4  1-0

[Event "Skanska Open"]
[Site "Pardubice CZE"]
[Date "2004.07.23"]
[Round "1"]
[White "Sedlak,N"]
[Black "Kutuzov,D"]
[Result "0-1"]
[WhiteElo "2519"]
[BlackElo "2283"]

1.e4 e6 2.d4 d5 3.Nc3 Nf6 4.e5 Nfd7 5.f4 c5 6.Nf3 Nc6 7.Be3 cxd4 8.Nxd4 Bc5
9.Qd2 O-O 10.g3 a6 11.Bg2 Na5 12.b3 Qc7 13.Nce2 b5 14.O-O Bb7 15.c3 Rfc8
16.Kh1 Qb6 17.b4 Bxd4 18.Bxd4 Nc4 19.Qc1 Qc7 20.f5 Ncxe5 21.fxe6 fxe6 22.Nf4 Re8
23.Nh5 Re7 24.Qg5 Ng6 25.Nf4 Ndf8 26.Rae1 Nxf4 27.gxf4 Rae8 28.Bf3 Ng6 29.Bh5 Rf8
30.Bxg6 hxg6 31.Kg1 Rf5 32.Qxg6 Rxf4 33.Bc5 Ref7 34.Qxe6 d4 35.Bxd4 Qc6  0-1

[Event "12th GM"]
[Site "Lippstadt GER"]
[Date "2004.07.24"]
[Round "1"]
[White "Baramidze,D"]
[Black "Buhmann,R"]
[Result "1-0"]
[WhiteElo "2487"]
[BlackElo "2532"]

1.e4 e6 2.d4 d5 3.Nc3 Nf6 4.e5 Nfd7 5.f4 c5 6.Nf3 Nc6 7.Be3 cxd4 8.Nxd4 Bc5
9.Qd2 a6 10.O-O-O Nxd4 11.Bxd4 O-O 12.Qe3 Qe7 13.Bd3 Bxd4 14.Qxd4 Nc5 15.Kb1 b5
16.f5 exf5 17.Nxd5 Qa7 18.Qh4 Kh8 19.Rhf1 Nxd3 20.Rxd3 Be6 21.Nf6 h6 22.Rh3 f4
23.g4 fxg3 24.Qe4  1-0

[Event "Open"]
[Site "Balatonlelle HUN"]
[Date "2004.07.25"]
[Round "7"]
[White "Jamrich,G"]
[Black "Jakab,A"]
[Result "0-1"]
[WhiteElo "2269"]
[BlackElo "2350"]

1.e4 e6 2.d4 d5 3.Nc3 Nf6 4.e5 Nfd7 5.f4 c5 6.Nf3 Nc6 7.Be3 cxd4 8.Nxd4 Bc5
9.Qd2 O-O 10.O-O-O a6 11.h4 Nxd4 12.Bxd4 b5 13.Ne2 a5 14.Kb1 b4 15.Rh3 Ba6
16.h5 Qc7 17.Re3 Rfc8 18.Rc1 Qb6 19.Bxc5 Nxc5 20.Ng3 a4 21.Bxa6 Rxa6 22.c3 Nb3
23.Qe1 Nxc1 24.Qxc1 d4 25.Re2 bxc3 26.f5 d3  0-1

[Event "Politiken Cup"]
[Site "Copenhagen DEN"]
[Date "2004.07.26"]
[Round "4"]
[White "Hartvig,O"]
[Black "Johansen,P"]
[Result "1/2-1/2"]
[WhiteElo "2270"]
[BlackElo "2117"]

1.e4 e6 2.d4 d5 3.Nc3 Nf6 4.e5 Nfd7 5.Nce2 c5 6.c3 Nc6 7.f4 cxd4 8.cxd4 Bb4+
9.Kf2 f6 10.Nf3 fxe5 11.fxe5 O-O 12.g3 Ndxe5 13.dxe5 Nxe5 14.Nd4 Bc5 15.Kg2 Nxf3
16.Nxf3 e5 17.Be2 d4 18.Nxe5 d3 19.Nxd3 Qxd3 20.Qxd3 Rf2+ 21.Kg1 Rf3+ 22.Be3 Bxe3+
23.Qxe3 Rxe3 24.Kf2 Re7 25.Bc4+  1/2-1/2

[Event "7th Open"]
[Site "Korinthos GRE"]
[Date "2004.07.28"]
[Round "8"]
[White "Timoshenko,G"]
[Black "Volkov,S1"]
[Result "0-1"]
[WhiteElo "2536"]
[BlackElo "2625"]

1.e4 e6 2.d4 d5 3.Nc3 Nf6 4.e5 Nfd7 5.f4 c5 6.Nf3 Nc6 7.Be3 a6 8.Qd2 b5 9.a3 g6
10.Qf2 c4 11.g4 Nb6 12.h4 h5 13.gxh5 Rxh5 14.Be2 Be7 15.Ng5 Rh8 16.h5 Na4
17.Nd1 Qa5+ 18.Kf1 Bd7 19.Kg2 Rg8 20.c3 O-O-O 21.Bg4 gxh5 22.Rxh5 f6 23.exf6 Bxf6
24.Qd2 Bxg5 25.Rxg5 Rdf8 26.Nf2 Qd8 27.Re1 Qf6 28.Qe2 Nd8 29.Bc1 Nf7 30.Rxg8 Rxg8
31.Kf1 Qg6 32.Qe3 Nh6 33.Bh3 Nf5 34.Bxf5 exf5 35.Qf3 Nxb2 36.Ke2 Na4 37.Kd2 Qg2
38.Qxg2 Rxg2 39.Re2 Be6 40.Nd1 Rxe2+ 41.Kxe2 Bf7 42.Kd2 Kd7 43.Ne3 Ke6 44.Kc2 Bh5
45.Bd2 Bf3 46.Be1 Be4+ 47.Kc1 Kf7 48.Nf1 Bd3 49.Ne3 Nb6 50.Bh4 Be4 51.Bd8 Nd7
52.Nf1 Nb8 53.Bc7 Nc6 54.Kd2 Ke6 55.Bb6 Kf6 56.Bc5 Kg6 57.Ng3 Bd3 58.Bb6 Kf7
59.Ke3 Ke6 60.Nh5 Nb8 61.Bc7 Nd7 62.Ng7+ Ke7 63.Nh5 Bb1 64.Kd2 Nf8 65.Be5 Kd7
66.Ng3 Ng6 67.Bb8 Kc6 68.Nf1 Be4 69.Ne3 Nf8 70.Be5 Nd7 71.Bg7 Nb6 72.Bf6 Na4
73.Bg5 Nb2 74.Nd1 Nd3 75.Ne3 a5 76.Nc2 Kd7 77.Ne3 Ke6 78.Nf1 b4 79.cxb4 axb4
80.axb4 Nxb4 81.Ng3 Bd3 82.Kc3 Nc6 83.Bh6 Na7 84.Bg7 Nb5+ 85.Kd2 Kd7 86.Ke3 Nc3
87.Bf8 Kc6 88.Bb4 Na2 89.Be1 Kb5 90.Nh5 Be4 91.Ng3 c3 92.Ne2 Kc4  0-1

[Event "It"]
[Site "Charleroi BEL"]
[Date "2004.07.30"]
[Round "1"]
[White "Cappon,J"]
[Black "Terrieux,K"]
[Result "1/2-1/2"]
[WhiteElo "2198"]
[BlackElo "2248"]

1.e4 e6 2.d4 d5 3.Nc3 Nf6 4.e5 Nfd7 5.f4 c5 6.Nf3 Nc6 7.Be3 cxd4 8.Nxd4 Bc5
9.Qd2 O-O 10.O-O-O a6 11.h4 Nxd4 12.Bxd4 b5 13.g4 Bb7 14.Rh3 b4 15.Ne2 Qb6
16.h5 Rfc8 17.Kb1 a5 18.Bg2 Ba6 19.Bxc5 Rxc5 20.Nd4 a4  1/2-1/2

[Event "It"]
[Site "Charleroi BEL"]
[Date "2004.08.01"]
[Round "3"]
[White "Laurent,B"]
[Black "Marechal,A"]
[Result "1-0"]
[WhiteElo "2344"]
[BlackElo "2236"]

1.e4 e6 2.d4 d5 3.Nc3 Nf6 4.e5 Nfd7 5.f4 c5 6.Nf3 Nc6 7.Be3 cxd4 8.Nxd4 Bc5
9.Qd2 O-O 10.O-O-O a6 11.Qf2 Qe7 12.Kb1 Bxd4 13.Bxd4 b5 14.Bd3 Nxd4 15.Qxd4 b4
16.Ne4 f5 17.Nd6 a5 18.Bxf5 Ba6 19.Bh3 g6 20.g4 Qh4 21.Qe3 Be2 22.Qxe2 Qxh3
23.f5 gxf5 24.gxf5 Rxf5 25.Rhg1+ Kh8 26.Rd3  1-0

[Event "Open Dutch Champ"]
[Site "Dieren NED"]
[Date "2004.08.03"]
[Round "7"]
[White "Pavlovic,Mi"]
[Black "Wustefeld,E"]
[Result "1/2-1/2"]
[WhiteElo "2498"]
[BlackElo "2335"]

1.e4 e6 2.d4 d5 3.Nc3 Nf6 4.e5 Nfd7 5.f4 c5 6.Nf3 Nc6 7.Be3 cxd4 8.Nxd4 Bc5
9.Qd2 O-O 10.O-O-O Nxd4 11.Bxd4 a6 12.Qe3 Qc7 13.Bd3 Bxd4 14.Qxd4 Qc5 15.Ne2 b6
16.Rhe1 Re8 17.c3 Nf8 18.Bc2 Bd7 19.g4 Bb5 20.Qd2 Bxe2 21.Rxe2 Rad8 22.f5 Qc4
23.b3 Qc7 24.Qd4 Qc5 25.Kb2 Rc8 26.Qd2 Rc7 27.f6 Rec8 28.Re3 Ng6 29.Bb1 Qf8
30.h4 gxf6 31.exf6 Qh6 32.h5 Nf8 33.g5 Qxh5 34.Rg1 Qh4 35.Rd3 b5 36.Rd4 Qh3
37.Rd3 Qh4 38.Rd4 Qh3 39.Rd3 Qh4 40.Rd4  1/2-1/2

[Event "Australian Masters"]
[Site "Melbourne AUS"]
[Date "2004.08.03"]
[Round "1"]
[White "Rujevic,M"]
[Black "Pecori,A"]
[Result "1-0"]
[WhiteElo "2296"]
[BlackElo "2152"]

1.e4 e6 2.d4 d5 3.Nc3 Nf6 4.e5 Nfd7 5.f4 c5 6.Nf3 Nc6 7.Be3 a6 8.Qd2 Qb6
9.O-O-O cxd4 10.Nxd4 Nxd4 11.Bxd4 Bc5 12.Na4 Qc6 13.Nxc5 Nxc5 14.Qc3 Ne4
15.Qa3 Bd7 16.Bd3 Qa4 17.Qxa4 Bxa4 18.Rhe1 Rc8 19.b3 Bc6 20.Kb2 O-O 21.g4 b5
22.f5 Bb7 23.b4 Rfe8 24.a4 Bc6 25.a5 Ba8 26.Rf1 Rc6 27.Rf4 exf5 28.gxf5 Rec8
29.Rg1 f6 30.Rfg4 R8c7 31.e6 Ng5 32.R4g3 Re7 33.h4 Bb7  1-0

[Event "HZ Open"]
[Site "Vlissingen NED"]
[Date "2004.08.09"]
[Round "4"]
[White "Kuijpers,Pa"]
[Black "Van Hoeve,A"]
[Result "0-1"]
[WhiteElo "2074"]
[BlackElo "2182"]

1.e4 e6 2.d4 d5 3.Nc3 Nf6 4.e5 Nfd7 5.Nce2 c5 6.c3 Nc6 7.Nf3 cxd4 8.cxd4 f6
9.exf6 Nxf6 10.Nc3 Bd6 11.Bd3 O-O 12.O-O a6 13.Re1 Qb6 14.Bg5 h6 15.Be3 Ng4
16.g3 Nxe3 17.Rxe3 Bd7 18.Bc2 Rf6 19.Ne5 Bxe5 20.dxe5 Rf7 21.Qd3 Kf8 22.Na4 Qa7
23.Qa3+ Kg8 24.Bg6 Rff8 25.Nc5 b6 26.Nxd7 Qxd7 27.Rc1 Ne7 28.Bh5 a5 29.Qd6 Rfd8
30.Qxb6 Nf5 31.Re2 Rdb8 32.Rc7 Rxb6 33.Rxd7 g6 34.Bxg6 Nd4 35.Re3 Rxb2 36.Bf7+ Kf8
37.Rd3 Nc6 38.Re3 Nd4 39.g4 Rc8 40.Bg6 Ne2+ 41.Kg2 Nf4+ 42.Kg3 Nxg6 43.h4 Kg8
44.h5 Nf8 45.Ra7 Rxa2 46.Rf3 d4 47.Rff7 Ra3+ 48.f3 Ra1 49.Kf4 d3 50.g5 hxg5+
51.Ke3 Rd8 52.h6 Rh1 53.Rg7+ Kh8 54.h7 Rxh7 55.Rxh7+ Nxh7 56.Kd2 Rd5 57.Ra6 Nf8
58.Rb6 Kg7 59.Rb7+ Kg6 60.Ra7 Nd7  0-1

[Event "ch-ESP Abierto"]
[Site "Seville ESP"]
[Date "2004.08.18"]
[Round "6"]
[White "Teran Alvarez,I"]
[Black "Larino Nieto,D"]
[Result "1-0"]
[WhiteElo "2428"]
[BlackElo "2315"]

1.e4 e6 2.d4 d5 3.Nc3 Nf6 4.e5 Nfd7 5.f4 c5 6.Nf3 Nc6 7.Be3 cxd4 8.Nxd4 Bc5
9.Qd2 a6 10.O-O-O O-O 11.Qf2 Nxd4 12.Bxd4 b6 13.Bd3 f6 14.Qh4 g6 15.Ne2 fxe5
16.Qxd8 Rxd8 17.fxe5 Bxd4 18.Nxd4 Nxe5 19.Rhe1 Nxd3+ 20.Rxd3 Re8 21.Rde3 Ra7
22.Kd2 Rf7 23.R1e2 Rf6 24.Nf3 h6 25.Rb3 b5 26.Rc3 Kg7 27.Ne5 g5 28.Rc7+ Kg8
29.Ng4 Rf1 30.Nxh6+ Kf8 31.Re5 Rd8 32.Rxg5 Bd7 33.Ra7 Rf3 34.Kd1 b4 35.Rg8+ Ke7
36.Rg7+ Ke8 37.Rg8+ Ke7 38.Rg7+ Ke8 39.Ng4 Rf1+ 40.Kd2 Rf4 41.h4 d4 42.h5  1-0

[Event "Open"]
[Site "Vladimir RUS"]
[Date "2004.08.22"]
[Round "5"]
[White "Voitsekhovsky,S"]
[Black "Danin,A"]
[Result "1-0"]
[WhiteElo "2492"]
[BlackElo "2429"]

1.e4 e6 2.d4 d5 3.Nc3 Nf6 4.e5 Nfd7 5.f4 c5 6.Nf3 Nc6 7.Be3 cxd4 8.Nxd4 Bc5
9.Qd2 O-O 10.O-O-O a6 11.h4 Nxd4 12.Bxd4 b5 13.Rh3 Bb7 14.g4 Bxd4 15.Qxd4 f6
16.exf6 Qxf6 17.Qxf6 Nxf6 18.Rg3 b4 19.Ne2 Ne4 20.Rf3 Rae8 21.Nd4 g6 22.Be2 Nc5
23.Rdf1 Re7 24.Bd3 Ref7 25.Kd2 Kg7 26.Ke3 Re7 27.g5 h6 28.gxh6+ Kxh6 29.Rg1 Rf6
30.Rg5 Nd7 31.Rfg3 e5 32.Rxg6+ Rxg6 33.Rxg6+ Kh5 34.Rg5+ Kxh4 35.Nf3+  1-0